Wellington Sears Handbook of industrial Textiles (Record no. 3963)

MARC details
000 -LEADER
fixed length control field 00352nam a2200133Ia 4500
008 - FIXED-LENGTH DATA ELEMENTS--GENERAL INFORMATION
fixed length control field 191201s1995 xx 000 0 und d
082 ## - DEWEY DECIMAL CLASSIFICATION NUMBER
Classification number 677.21
Item number ADW
100 ## - MAIN ENTRY--PERSONAL NAME
Personal name ADANUR, Sabit
245 #0 - TITLE STATEMENT
Title Wellington Sears Handbook of industrial Textiles
260 ## - PUBLICATION, DISTRIBUTION, ETC. (IMPRINT)
Place of publication, distribution, etc Londan
Name of publisher, distributor, etc Technomic Publication
Date of publication, distribution, etc 1995
300 ## - PHYSICAL DESCRIPTION
Extent 832
650 ## - SUBJECT ADDED ENTRY--TOPICAL TERM
Topical term or geographic name as entry element B.Tech(TE)
942 ## - ADDED ENTRY ELEMENTS (KOHA)
Source of classification or shelving scheme Dewey Decimal Classification
Koha item type Text Books
Holdings
Withdrawn status Lost status Source of classification or shelving scheme Damaged status Not for loan Collection code Home library Current library Date acquired Source of acquisition Cost, normal purchase price Bill Number Total Checkouts Full call number Acc. no. / Barcode Date last seen Bill Date Koha item type Date last borrowed
    Dewey Decimal Classification     B.Tech(TE) PIET C-LIBRARY PIET C-LIBRARY 17/07/2009 Indian International Text Book 15882.00 106   677.21 ADW 12368 04/12/2019 28/01/2009 Text Books  
    Dewey Decimal Classification     B.Tech(TE) PIET C-LIBRARY PIET C-LIBRARY 17/07/2009 Indian International Text Book 15882.00 106   677.21 ADW 12369 04/12/2019 28/01/2009 Text Books  
    Dewey Decimal Classification     B.Tech(TE) PIET C-LIBRARY PIET C-LIBRARY 17/07/2009 Indian International Text Book 15882.00 106 1 677.21 ADW 12370 02/01/2024 28/01/2009 Text Books 30/11/2023
    Dewey Decimal Classification     B.Tech(TE) PIET C-LIBRARY PIET C-LIBRARY 09/05/2012 Indian International Text Book 27080.00 2115   677.21 ADW 19277 04/12/2019 03/04/2012 Text Books  
    Dewey Decimal Classification     B.Tech(TE) PIET C-LIBRARY PIET C-LIBRARY 09/05/2012 Indian International Text Book 27080.00 2115   677.21 ADW 19278 04/12/2019 03/04/2012 Text Books  
    Dewey Decimal Classification     B.Tech(TE) PIET C-LIBRARY PIET C-LIBRARY 09/05/2012 Indian International Text Book 27080.00 2115   677.21 ADW 19279 04/12/2019 03/04/2012 Text Books  

Design & Developed by: PIET Central Library
R70 Miles Stone Pattikalyana Samalkha Panipat 132102
mail ID :- [email protected], Phone No:- 0180-2569700 Ex.216